000 00414pab a2200169 454500
008 180718b1996 xxu||||| |||| 00| 0 eng d
100 _aWang, Ya Ping
245 _aThe process of commercialisation of urban housing in China
260 _c1996
300 _ap.971-89
362 _aJun
650 _aHousing - China
650 _aHousing
700 _aMurie, Alan
773 _aUrban Studies
909 _a31682
999 _c31682
_d31682